Stres a variabilita srdcovej frekvencie: Analytický pohľad na nositeľné zariadenia v telemedicíne
Gespeichert in:
| 1. Verfasser: | |
|---|---|
| Weitere Verfasser: | |
| Format: | Manuskript Buch |
| Sprache: | Slowakisch |
| Veröffentlicht: |
Bratislava :
STU v Bratislave FEI,
2025
|
| Schlagworte: | |
| Online-Zugang: | https://opac.crzp.sk/?fn=detailBiblioFormChildAEB59J&sid=BA75C2D62745AD5723EB929ED92F&seo=CRZP-detail-kniha |
| Tags: |
Keine Tags, Fügen Sie das erste Tag hinzu!
|
MARC
| LEADER | 00000ntm a22000003a 4500 | ||
|---|---|---|---|
| 001 | stuzp101891 | ||
| 003 | SK-STU | ||
| 005 | 20260128134650.2 | ||
| 007 | ta | ||
| 008 | 150427s2015----xo-----f-mn---000-0-slo-d | ||
| 040 | |a STU |b slo | ||
| 041 | 0 | |a slo | |
| 044 | |a xo | ||
| 100 | 1 | |a Bačovčinová, Daniela |u 033000 |4 aut |U FEI Fakulta elektrotechniky a informatiky |T FEI Ústav elektroniky a fotoniky |X 120716 |U E030 |Y 549 |7 120716 | |
| 242 | 0 | 1 | |a Stress and Heart Rate Variability: An Analytical Perspective on Wearable Devices in Telemedicine |y eng |
| 245 | 1 | 0 | |a Stres a variabilita srdcovej frekvencie: Analytický pohľad na nositeľné zariadenia v telemedicíne |
| 260 | |a Bratislava : |b STU v Bratislave FEI, |c 2025 | ||
| 300 | |a 65 s. | ||
| 650 | 4 | |a Telemedicína |2 slo | |
| 650 | 4 | |a Stres |2 slo | |
| 650 | 4 | |a Srdcová frekvencia |2 slo | |
| 650 | 4 | |a Variabilita srdcovej frekvencie |2 slo | |
| 650 | 4 | |a Fotopletyzmografia |2 slo | |
| 650 | 4 | |a Telemedicine |2 eng | |
| 650 | 4 | |a Stress |2 eng | |
| 650 | 4 | |a HR |2 eng | |
| 650 | 4 | |a HRV |2 eng | |
| 650 | 4 | |a Photoplethysmography |2 eng | |
| 700 | 1 | |a Mičjan, Michal |u 033000 |k Z2 |4 ths |U FEI Fakulta elektrotechniky a informatiky |T FEI Ústav elektroniky a fotoniky |X 6212 |U E030 |Y 549 |7 A000006212 | |
| 856 | 4 | |u https://opac.crzp.sk/?fn=detailBiblioFormChildAEB59J&sid=BA75C2D62745AD5723EB929ED92F&seo=CRZP-detail-kniha | |